LEADER 01043nam a2200217 i 4500 001 000000171710 003 CaOOAMICUS 005 20080508000000.0 008 080508s1942 it u000 u ita u 013 $a149142 040 $aSeMil$bita 100 1 $aChateaubriand, François René : de,$d<1768-1848>.$0(OLS)http://semarc/name/7109 245 10$aAtala - Renato :$ble avventure dell'ultimo degli abenceragi /$cF. R. Di Chateaubriand ; A cura di Carlo Bernardi. 260 $aTorino :$bUnione Tipografico-Editrice Torinese,$c1942. 300 $a207 p., [1] p. di ritratto ;$c19 cm. 500 $aIn mezzo al front : Ristampa stereotipa della 1° edizione 1935-XIII. 700 1 $aBernardi, Carlo.$0(OLS)http://semarc/name/8810 850 $aSeMil 852 $aSeMil$W1$xVenegono$y1$m1W II 55$j122574$B122574$CSeMilBibl$Z2$F133929 $81 996 $6245$aAtala - Renato :$ble avventure dell'ultimo degli abenceragi$9(OLS)http://semarc/title/245706 996 $6260$aTorino :$bUnione Tipografico-Editrice Torinese$9(OLS)http://semarc/publisher/29628 LEADER 01149nam a2200241 4500 001 000000330464 003 CaOOAMICUS 005 20180925093820.0 008 180924s2018 it 000 u ita r 020 $a978-88-514-2001-7 040 $aSeMil$bita 100 1 $aSantagalli, Samuele,$d<1967- >.$0(OLS)http://semarc/name/108176 245 10$aPercorsi di discernimento : $bcome conoscenza di sé e cammino di fede /$cSamuele Santagalli ; prefazione del Card. Lorenzo Baldisseri. 264 1$aMilano :$bÀncora,$c2018. 300 $a95 p. ;$c19 cm 650 4$aDiscernimento spirituale.$0(OLS)http://semarc/subject/1384 700 1 $aBaldisseri, Lorenzo,$c,$eautore di introduzione.$0(OLS)http://semarc/name/74731 850 $aSeMil 852 $aSeMil$W1$xVenegono$y1$m3F I 792$j211267$B224829$CSeMilBibl$Z2$F224829 $81 996 $6020$a978-88-514-2001-7$9(OLS)http://semarc/number/285225 996 $6245$aPercorsi di discernimento : $bcome conoscenza di sé e cammino di fede$9(OLS)http://semarc/title/418896 996 $6264$aMilano :$bÀncora$9(OLS)http://semarc/publisher/29763 LEADER 00552naa a2200157 i 4500 001 000000301046 003 CaOOAMICUS 005 20181210164938.0 008 180831n xx u000 u und u 013 $a8769 040 $aSeMil$bita 100 1 $aNoble, Henri Dominique,$c.$0(OLS)http://semarc/name/67236 245 12$aL'action volontaire. 773 0 $tMélanges thomistes.$dParis : Librairie Philosophique J. Vrin, 1934.$kBibliothèque thomiste$w()34999 996 $6245$aL'action volontaire$9(OLS)http://semarc/title/377060